Statistics for What's In The Middle? (Movie Titles)

Click here to take the quiz!

General Stats

  • This quiz has been taken 1,254 times
  • The average score is 17 of 24

Answer Stats

HintAnswerHint% Correct
LaLaLand
98%
TheLittleMermaid
96%
28DaysLater
91%
SavingPrivateRyan
90%
WestSideStory
90%
WalkTheLine
89%
VForVendetta
88%
GoodWillHunting
86%
FantasticMr.Fox
79%
BraveNewWorld
79%
TheBigLebowski
78%
TheDarkKnight
75%
50FirstDates
71%
TheUsualSuspects
67%
12AngryMen
64%
ThePrincessBride
62%
NorthByNorthwest
58%
TheLionKing
58%
TheShawshankRedemption
55%
AllAboutEve
54%
FreddyVersusJason
54%
SingleWhiteFemale
51%
TheGoldenCompass
48%
TheBeverlyHillbillies
47%

Score Distribution

Percentile by Number Answered

Percent of People with Each Score

Your Score History

You have not taken this quiz